Footballeurs les plus chers en 2022. - Statistiques

Statistiques générales
  • Ce quiz a été pris 3 635 fois
  • Le résultat moyen est 12 sur 23
Statistiques - réponses
Valeur marchande Nationalité Joueur % Correct
160 000 000 € Français Kylian Mbappé
100%
150 000 000 € Norvégien Erling Haaland
98%
90 000 000 € Égyptien Mohamed Salah
96%
100 000 000 € Brésilien Vinícius Júnior
88%
90 000 000 € Anglais Harry Kane
80%
85 000 000 € Belge Kevin De Bruyne
79%
75 000 000 € Coréen Heung-min Son
76%
75 000 000 € Brésilien Neymar
76%
80 000 000 € Anglais Jude Bellingham
67%
90 000 000 € Anglais Phil Foden
65%
80 000 000 € Espagnol Pedri
62%
80 000 000 € Portugais Bernardo Silva
48%
85 000 000 € Serbe Dušan Vlahović
45%
85 000 000 € Portugais Bruno Fernandes
39%
80 000 000 € Anglais / Irlandais Declan Rice
39%
75 000 000 € Portugais Rúben Dias
36%
80 000 000 € Espagnol Rodri
29%
75 000 000 € Argentin Lautaro Martínez
28%
80 000 000 € Allemand Joshua Kimmich
21%
80 000 000 € Anglais Trent Alexander-Arnold
16%
75 000 000 € Anglais Jadon Sancho
15%
75 000 000 € Anglais Mason Mount
12%
80 000 000 € Français Christopher Nkunku
11%
Aucun quiz correspondant
Distribution des résultats
% des personnes avec chaque résultat
Percentile par nombre de réponses
Votre historique - résultats
Vous n’avez pas pris ce quiz